000 00597cam a2200217 4500
001 J102873
008 000000n1999 000 0 eng u
035 _a(Sirsi) u102874
041 _aeng
050 _a333.33016
110 _aRichard Ellis St. Quintin
_93738
245 _aRetail property monthly monitor - (September - December 1999)
260 _bRichard Ellis St Quintin
_c1999
300 _a3pt. ; 30cm.
650 _aRETAIL PROPERTY
650 _aRENTAL VALUES
650 _aCAPITAL VALUES
650 _aTOTAL RETURNS
690 _aPROPERTY-COMMERCIAL PROPERTY
942 _n0
999 _c100071
_d100071